Statistiques concernant Petit Bac #24 - Communes du Poitou-Charentes

Cliquez ici pour prendre le quiz!

Statistiques générales

  • Ce quiz a été pris 129 fois
  • Le résultat moyen est 7 sur 12

Statistiques - réponses

1ère Lettre Ville (5000+ hab.) % Correct
PPoitiers / Parthenay / Périgny
93%
LLa Rochelle / Loudun / La Couronne / Lagord / L'Isle-d'Espagnac
93%
AAngoulême / Aytré
84%
NNiort / Nieul-sur-Mer / Naintré
79%
SSaintes / Soyaux / Saint-Jean-d'Angély / Saint-Benoît / Saint-Maixent-l'Ecole / Saint-Yrieix-sur-Charente / Surgères / Saint-Pierre-d'Oléron / Saujon / Saint-Georges-de-Didonne
74%
CChâtellerault / Cognac / Chauvigny / Châtelaillon-Plage / Chauray
72%
RRochefort / Royan / Ruelle-sur-Touvre
70%
BBressuire / Buxerolles
46%
TThouars / Tonnay-Charente
45%
MMauléon / Montmorillon / Migné-Auxances
32%
JJaunay-Clan
15%
GGond-Pontouvre
13%

Distribution des résultats

Percentile by Number Answered

% des personnes avec chaque résultat

Votre développement - résultats

Vous n’avez pas pris ce quiz